| 000 | 00397nam a22001457a 4500 | ||
|---|---|---|---|
| 005 | 20200603155938.0 | ||
| 008 | 200603b xxu||||| |||| 00| 0 eng d | ||
| 082 | _a345.4 AIR | ||
| 110 |
_aThe All Iindia reporter Ltd. _95762 |
||
| 245 | _aThe All Iindia reporter 1987(V-74) ORISSA Section | ||
| 260 |
_aBOMBAY _bThe All Iindia reporter Ltd. |
||
| 300 | _a320 | ||
| 650 |
_aLAW _95701 |
||
| 942 | _cJRL | ||
| 999 |
_c6786 _d6784 |
||